[Event "16th Delhi Open 2018"]
[Site "New Delhi IND"]
[Date "2018.01.10"]
[Round "3.9"]
[White "Navalgund, Niranjan"]
[Black "Sivuk, Vitaly"]
[Result "1-0"]
[BlackTitle "GM"]
[WhiteElo "2312"]
[BlackElo "2550"]
[WhiteFideId "5030854"]
[BlackFideId "14116502"]
[EventDate "2018.01.09"]

1. d4 g6 2. Nf3 Bg7 3. c4 d6 4. Nc3 e5 5. g3 exd4 6. Nxd4 Ne7 7. Bg2 O-O 8. O-O
Nbc6 9. Nxc6 Nxc6 10. Bd2 Be6 11. b3 Qd7 12. Rc1 Bh3 13. Nd5 Bxg2 14. Kxg2 Rae8
15. Bc3 f5 16. Qd2 Nd8 17. Nf4 b6 18. h4 a5 19. Rh1 Ne6 20. Nxe6 Qxe6 21. Bxg7
Kxg7 22. Qd4+ Qf6 23. Qxf6+ Kxf6 24. e3 Re5 25. Rhd1 Ke6 26. Rd4 Ra8 27. Rc3 Kd7
28. f4 Re4 29. Kf3 Rxd4 30. exd4 a4 31. b4 d5 32. c5 Kc6 33. cxb6+ Kxb6 34. a3
Re8 35. Rc5 c6 36. Ra5 Re4 37. Rxa4 Rxd4 38. Ra8 Rd3+ 39. Kf2 Rb3 40. Rb8+ Ka6
41. Rh8 Kb5 42. Rxh7 Rxa3 43. Rb7+ Kc4 44. Rb6 Ra2+ 45. Kf3 Ra3+ 46. Kf2 Ra2+
47. Kf3 d4 48. Rxc6+ Kd3 49. Rxg6 Kd2 50. Rf6 Ke1 51. Rxf5 d3 52. Re5+ Re2 53.
Rd5 d2 54. h5 d1=Q 55. Rxd1+ Kxd1 56. Kg4 Kd2 57. Kf5 Rh2 58. g4 Ke3 59. Kg5 Kf3
60. h6 Rg2 61. h7 Rxg4+ 62. Kh6 Kxf4 63. h8=Q Rh4+ 64. Kg7 Rxh8 65. Kxh8 Ke5 66.
Kg7 Kd5 67. Kf6 Kc4 68. Ke5 Kxb4 1-0

[Event "16th Delhi Open 2018"]
[Site "New Delhi IND"]
[Date "2018.01.10"]
[Round "3.10"]
[White "Tran, Tuan Minh"]
[Black "Moksh, Amit Doshi"]
[Result "1-0"]
[WhiteTitle "GM"]
[WhiteElo "2548"]
[BlackElo "2307"]
[WhiteFideId "12401820"]
[BlackFideId "25064967"]
[EventDate "2018.01.09"]

1. d4 Nf6 2. Bg5 d5 3. e3 c5 4. c3 Nc6 5. Nd2 e5 6. dxe5 Nxe5 7. Ngf3 Nxf3+ 8.
Nxf3 Be7 9. Bb5+ Bd7 10. Bxd7+ Qxd7 11. Ne5 Qe6 12. Bxf6 Bxf6 13. Qa4+ Ke7 14.
Nd3 b6 15. Nf4 Qe5 16. Rd1 Rhd8 17. O-O Kf8 18. Rfe1 Rd6 19. Rd2 Bg5 20. Nd3 Qe4
21. Nxc5 Qe7 22. Nb3 Rc8 23. Nd4 Rg6 24. Red1 Rc4 25. Qc2 Bf6 26. Nf5 1-0

[Event "16th Delhi Open 2018"]
[Site "New Delhi IND"]
[Date "2018.01.10"]
[Round "3.11"]
[White "Aronyak, Ghosh"]
[Black "Lalith, Babu M R"]
[Result "1/2-1/2"]
[WhiteTitle "CM"]
[BlackTitle "GM"]
[WhiteElo "2309"]
[BlackElo "2542"]
[WhiteFideId "25072846"]
[BlackFideId "5024595"]
[EventDate "2018.01.09"]

1. d4 Nf6 2. Bf4 c5 3. e3 Nd5 4. Bg3 Qb6 5. b3 cxd4 6. exd4 e6 7. c3 Be7 8. Nf3
Nc6 9. Be2 f5 10. h3 Nf6 11. Nbd2 d5 12. Ne5 O-O 13. O-O Bd7 14. Ndf3 Be8 15.
Bh4 Ne4 16. Bxe7 Nxe7 17. c4 Rd8 18. c5 Qc7 19. Rc1 Bh5 20. Ne1 Bxe2 21. Qxe2
Nc6 22. Nxc6 bxc6 23. Nd3 Rf6 24. Rfe1 f4 25. f3 Ng3 26. Qe5 Qf7 27. Kh2 Nh5 28.
Nf2 Ng3 29. Nd3 Nh5 30. Nf2 Ng3 1/2-1/2

[Event "16th Delhi Open 2018"]
[Site "New Delhi IND"]
[Date "2018.01.10"]
[Round "3.12"]
[White "Vaibhav, Suri"]
[Black "Sekar, B"]
[Result "1-0"]
[WhiteTitle "GM"]
[WhiteElo "2542"]
[BlackElo "2300"]
[WhiteFideId "5045185"]
[BlackFideId "5043743"]
[EventDate "2018.01.09"]

1. e4 c5 2. Nf3 d6 3. d4 cxd4 4. Nxd4 Nf6 5. Nc3 a6 6. Be2 e5 7. Nb3 Be7 8. Be3
Be6 9. Nd5 Nbd7 10. Qd3 Bxd5 11. exd5 O-O 12. a4 Rc8 13. a5 Ne8 14. O-O Bg5 15.
c4 g6 16. Nd2 f5 17. f3 Ng7 18. b4 Bxe3+ 19. Qxe3 f4 20. Qb3 Nf5 21. Bd3 Ne3 22.
Rfc1 Qg5 23. Bf1 Qe7 24. Ne4 Nf6 25. c5 Nxe4 26. fxe4 Qg5 27. Rc3 dxc5 28. bxc5
Rxc5 29. Rxc5 f3 30. Rc2 Nxc2 31. Qxc2 Qe3+ 32. Kh1 1-0

[Event "16th Delhi Open 2018"]
[Site "New Delhi IND"]
[Date "2018.01.10"]
[Round "3.13"]
[White "Pruijssers, Roeland"]
[Black "Snehal, Bhosale"]
[Result "1-0"]
[WhiteTitle "GM"]
[WhiteElo "2536"]
[BlackElo "2172"]
[WhiteFideId "1013068"]
[BlackFideId "5021995"]
[EventDate "2018.01.09"]

1. e4 e5 2. Nf3 Nc6 3. Bc4 Nf6 4. d3 Be7 5. O-O O-O 6. Re1 d6 7. a4 h6 8. a5 a6
9. Nc3 Bg4 10. h3 Bh5 11. g4 Nxg4 12. hxg4 Bxg4 13. Be3 Kh8 14. Kg2 f5 15. exf5
Rxf5 16. Bd5 Nd4 17. Nxd4 Bf3+ 1-0

[Event "16th Delhi Open 2018"]
[Site "New Delhi IND"]
[Date "2018.01.10"]
[Round "3.14"]
[White "Koustav, Chatterjee"]
[Black "Karthikeyan, P."]
[Result "1/2-1/2"]
[BlackTitle "IM"]
[WhiteElo "2288"]
[BlackElo "2497"]
[WhiteFideId "25073060"]
[BlackFideId "5018226"]
[EventDate "2018.01.09"]

1. c4 Nf6 2. g3 e6 3. Bg2 d5 4. Nf3 dxc4 5. Qa4+ c6 6. Qxc4 b5 7. Qc2 Bb7 8. a4
a6 9. d4 Nbd7 10. O-O Rc8 11. Rd1 Qb6 12. e4 Be7 13. e5 Nd5 14. Bg5 Bb4 15. Nc3
c5 16. axb5 axb5 17. Qb3 h6 18. Bd2 O-O 19. dxc5 Bxc5 20. Ne4 b4 21. Nxc5 Nxc5
22. Qc4 f5 23. exf6 Rxf6 24. Be3 Ba6 1/2-1/2

[Event "16th Delhi Open 2018"]
[Site "New Delhi IND"]
[Date "2018.01.10"]
[Round "3.15"]
[White "Tiwari, Arjun"]
[Black "Horvath, Adam1"]
[Result "1/2-1/2"]
[BlackTitle "GM"]
[WhiteElo "2179"]
[BlackElo "2484"]
[WhiteFideId "5011337"]
[BlackFideId "708003"]
[EventDate "2018.01.09"]

1. e4 c5 2. Nc3 e6 3. f4 Nc6 4. Nf3 d5 5. Bb5 Ne7 6. exd5 Nxd5 7. Bxc6+ bxc6 8.
d3 Nxc3 9. bxc3 c4 10. d4 c5 11. O-O cxd4 12. cxd4 Bb7 13. c3 Qa5 14. f5 O-O-O
15. fxe6 f6 16. Qe2 Qc7 17. Rb1 Bd6 18. e7 Qxe7 19. Qxc4+ Kb8 20. Re1 Qd7 21.
Qe6 Qxe6 22. Rxe6 Ka8 23. c4 Rhe8 24. Rxe8 Rxe8 25. c5 Bc7 26. Kf2 g5 27. g3 Bd5
28. a3 Re6 29. Rb2 Bc4 30. Rc2 Bd5 31. Rb2 h6 32. Re2 Kb7 33. Nd2 Kc6 34. Nb1
Rxe2+ 35. Kxe2 Bc4+ 36. Ke3 f5 37. Nc3 Bd8 38. Kf3 Bf6 39. Be3 a6 40. Kg2 Bd8
41. Kf3 Bd5+ 1/2-1/2

[Event "16th Delhi Open 2018"]
[Site "New Delhi IND"]
[Date "2018.01.10"]
[Round "3.16"]
[White "Deepan, Chakkravarthy J."]
[Black "Pratyusha, Bodda"]
[Result "1-0"]
[WhiteTitle "GM"]
[BlackTitle "WIM"]
[WhiteElo "2475"]
[BlackElo "2162"]
[WhiteFideId "5011132"]
[BlackFideId "5000629"]
[EventDate "2018.01.09"]

1. Nf3 d5 2. g3 Bg4 3. Bg2 c6 4. O-O Nd7 5. d4 Ngf6 6. c4 e6 7. Qb3 Qb6 8. Nc3
Be7 9. Nb1 Bf8 10. Nc3 Be7 11. c5 Qxb3 12. axb3 O-O 13. b4 Bxf3 14. Bxf3 e5 15.
Be3 exd4 16. Bxd4 a5 17. Rxa5 Rxa5 18. bxa5 Nxc5 19. b4 Ne6 20. Bxf6 Bxf6 21.
Na4 Bd8 22. Nc3 Bf6 23. Na4 Bd8 24. Nc3 Bf6 25. Na4 Bd8 26. e3 Bc7 27. Rc1 g6
28. a6 Ra8 29. b5 cxb5 30. Nc5 Bd6 31. axb7 Rb8 32. Nxe6 fxe6 33. Rc6 Bf8 34.
Rxe6 Kg7 35. Bxd5 b4 36. e4 Rd8 37. Rc6 1-0

[Event "16th Delhi Open 2018"]
[Site "New Delhi IND"]
[Date "2018.01.10"]
[Round "3.17"]
[White "Bhambure, Shantanu"]
[Black "Rahman, Ziaur"]
[Result "0-1"]
[BlackTitle "GM"]
[WhiteElo "2173"]
[BlackElo "2472"]
[WhiteFideId "5025931"]
[BlackFideId "10200037"]
[EventDate "2018.01.09"]

1. d4 d5 2. c4 e6 3. Nc3 Bb4 4. Nf3 Nf6 5. Qa4+ Nc6 6. Ne5 Bd7 7. Nxd7 Qxd7 8.
e3 O-O 9. a3 Bxc3+ 10. bxc3 Ne4 11. Bb2 a6 12. Qc2 Na5 13. Qa4 Nc6 14. Qc2 Na5
15. cxd5 exd5 16. c4 Qc6 17. Rc1 Nxc4 18. Bxc4 dxc4 19. Qxc4 Qg6 20. Qc2 Qc6 21.
Qc4 Qg6 22. g3 Qf5 23. Qe2 Qg6 24. Qc4 Qf5 25. Qe2 Qg6 26. Qc4 Qf5 27. Qe2 Qa5+
28. Kf1 c6 29. Kg2 f5 30. f3 Nd6 31. Rc5 Qb6 32. Rhc1 Rae8 33. Rh1 Ra8 34. Rhc1
Rae8 35. Re5 Ra8 36. Rec5 Rae8 37. Re5 Qb3 38. Rc3 Qa2 39. Rc2 Qb3 40. Rc3 Qf7
41. Qc2 Nb5 42. Qe2 Nd6 43. Qc2 Nb5 44. Rxe8 Rxe8 45. Rd3 Rf8 46. Rc3 Re8 47.
Rd3 Nc7 48. Bc1 Nd5 49. Bb2 Nc7 50. Bc1 Nd5 51. Rb3 h6 52. Bd2 Re6 53. a4 b6 54.
Qd3 b5 55. axb5 axb5 56. Rb1 Nb6 57. Rb3 Nd5 58. Rb1 Nb6 59. e4 fxe4 60. fxe4
Qg6 61. Re1 Nd5 62. Qf3 Nf6 63. e5 Nd5 64. Rf1 Re8 65. h4 Qe6 66. Qe4 Ra8 67.
Rf2 b4 68. h5 b3 69. Bc1 Nc3 70. Qd3 Qd5+ 71. Kh2 Ne4 72. Re2 Nc3 73. Rf2 Ne4
74. Re2 Ra2 75. Bb2 Ra8 76. Bc1 Ra2 77. Bb2 Ng5 78. Rf2 Ne4 79. Re2 Ng5 80. Rf2
Ra8 81. Bc1 Ne4 82. Re2 Ra1 83. Qxe4 Qxe4 84. Rxe4 Rxc1 85. e6 Kf8 86. d5 cxd5
87. Rb4 Rc2+ 88. Kh3 b2 89. Rb7 d4 90. Kg4 d3 91. Kf5 Rc5+ 92. Kg6 Rg5+ 93. Kh7
d2 0-1

[Event "16th Delhi Open 2018"]
[Site "New Delhi IND"]
[Date "2018.01.11"]
[Round "4.1"]
[White "Gupta, Abhijeet"]
[Black "Deepan, Chakkravarthy J."]
[Result "1/2-1/2"]
[WhiteTitle "GM"]
[BlackTitle "GM"]
[WhiteElo "2610"]
[BlackElo "2475"]
[WhiteFideId "5010608"]
[BlackFideId "5011132"]
[EventDate "2018.01.09"]

1. d4 Nf6 2. c4 e6 3. Nf3 b6 4. a3 Bb7 5. Nc3 d5 6. Qc2 Be7 7. cxd5 Nxd5 8. e4
Nxc3 9. bxc3 c5 10. Bb5+ Bc6 11. Bd3 O-O 12. O-O Bb7 13. Rd1 Nd7 14. Bf4 Qc8 15.
Qe2 Re8 16. a4 Nf6 17. h3 Rd8 18. a5 c4 19. Bc2 b5 20. Bg5 a6 21. d5 Qc7 22.
Bxf6 gxf6 23. dxe6 fxe6 24. Nd4 Qe5 25. Qg4+ Kh8 26. f4 f5 27. fxe5 fxg4 28.
Nxe6 Rxd1+ 29. Rxd1 Re8 30. hxg4 Bc8 31. Nc7 Rd8 32. Rd5 Bxg4 33. Nxa6 Ra8 34.
Nb4 Rxa5 35. Nc6 Ra1+ 36. Kh2 Bh4 37. Nd4 Re1 38. g3 Bg5 39. Rxb5 Be3 40. Rb1
Rxb1 41. Bxb1 Bd2 42. Nb5 Bd7 43. Nc7 Bxc3 44. e6 Bc6 45. Kh3 Kg7 46. Nd5 Be5
47. Kg4 Bxd5 48. exd5 h5+ 49. Kf5 Bxg3 50. Ba2 Bd6 51. Bxc4 h4 52. Bf1 Kf8 53.
Kf6 Ba3 54. Bh3 1/2-1/2

[Event "16th Delhi Open 2018"]
[Site "New Delhi IND"]
[Date "2018.01.11"]
[Round "4.2"]
[White "Solodovnichenko, Yuri"]
[Black "Arjun, Kalyan"]
[Result "1/2-1/2"]
[WhiteTitle "GM"]
[WhiteElo "2571"]
[BlackElo "2407"]
[WhiteFideId "14104369"]
[BlackFideId "35018701"]
[EventDate "2018.01.09"]

1. e4 e5 2. Nf3 Nc6 3. Bb5 a6 4. Ba4 Nf6 5. O-O Be7 6. Re1 b5 7. Bb3 d6 8. c3
O-O 9. h3 Nb8 10. d4 Nbd7 11. Nbd2 Bb7 12. Bc2 Re8 13. Nf1 Bf8 14. Ng3 g6 15.
Bg5 h6 16. Bd2 Bg7 17. a4 Nb6 18. b3 bxa4 19. bxa4 a5 20. Bd3 Qc8 21. Qc1 Kh7
22. dxe5 dxe5 23. Be3 Ba6 24. Bb5 Bxb5 25. axb5 Nc4 26. Ra4 Qe6 27. Nd2 Nb6 28.
Ra1 Nc4 29. Qc2 Reb8 30. Nxc4 Qxc4 31. Ra4 Qxb5 32. Rea1 Qb3 33. Qc1 Rd8 34. Nf1
Rd3 35. R1a3 Qb7 36. Qc2 Rad8 37. Nd2 Qc6 38. Rc4 Qe6 39. Raa4 Qd7 40. Rxa5 Rxe3
41. fxe3 Qxd2 42. Qxd2 Rxd2 43. Rxc7 Rd1+ 44. Kh2 Rd7 45. Rxd7 Nxd7 46. Ra7 Nc5
47. Rxf7 Nxe4 48. Rc7 Kg8 49. g3 Bf8 50. Kg2 Bd6 51. Rc4 Nc5 52. e4 Kf7 53. Kf3
h5 54. h4 Ne6 55. Rc6 Bc5 56. g4 Be7 57. g5 Bc5 58. Rc8 Bd6 59. Ra8 Nf4 60. Ra7+
Ke6 61. Ra8 Kd7 62. Ra6 Bc5 63. Ra8 Kc6 64. Rc8+ Kb5 65. Re8 Bd6 66. Rc8 Kb6 67.
Re8 Bc7 68. Rg8 Kb7 69. Re8 Kc6 70. Rg8 Kd7 71. Ra8 Kc6 72. Re8 Kb5 73. Re7 Bd6
74. Rd7 Kc6 75. Rg7 Ba3 76. Ra7 Bc5 77. Ra8 Bb6 78. Rc8+ Kd7 79. Ra8 Bd8 80.
Ra7+ Kc6 81. Ra8 Kc7 82. Ra5 Kd6 83. Ra6+ Kc5 84. Ra8 Bc7 85. Rc8 Kc6 86. Rg8
Ba5 87. Ra8 Kb5 88. Rc8 Kb6 89. Rb8+ Ka7 90. Rc8 Kb7 91. Rc5 Bc7 92. Rc4 Ne6 93.
Ra4 Nc5 94. Ra1 Bb6 95. Rd1 Kc6 96. Ra1 Kb7 97. Rd1 Bc7 98. Ra1 Nd3 99. Ke3 Nf4
100. Kf3 Bb6 101. Ra2 Bc5 102. Rb2+ Kc7 103. Rb5 Kc6 104. Rb8 Ba3 105. Ra8 1/2-1/2

[Event "16th Delhi Open 2018"]
[Site "New Delhi IND"]
[Date "2018.01.11"]
[Round "4.3"]
[White "Rahman, Ziaur"]
[Black "Tran, Tuan Minh"]
[Result "1-0"]
[WhiteTitle "GM"]
[BlackTitle "GM"]
[WhiteElo "2472"]
[BlackElo "2548"]
[WhiteFideId "10200037"]
[BlackFideId "12401820"]
[EventDate "2018.01.09"]

1. d4 Nf6 2. Bg5 e6 3. Nd2 c5 4. e3 d5 5. c3 Nc6 6. Bd3 Qb6 7. Rb1 e5 8. Bxf6
gxf6 9. Ne2 cxd4 10. exd4 Be6 11. O-O e4 12. Bc2 f5 13. f4 Bd6 14. Kh1 Ne7 15.
b3 Rc8 16. c4 Qd8 17. c5 Bc7 18. b4 Ng6 19. Rb3 Qf6 20. Rh3 h5 21. Nb1 h4 22.
Nbc3 O-O 23. Bb3 Rfd8 24. Qd2 b6 25. Nd1 bxc5 26. bxc5 Rb8 27. Ne3 a5 28. g3
hxg3 29. hxg3 Kg7 30. Kg2 Rh8 31. Rfh1 Rxh3 32. Rxh3 Qd8 33. Rh1 Rb4 34. Rh3 Rb8
35. Rh1 Rb4 36. Nc3 Ne7 37. Qd1 a4 38. Qh5 Ng6 39. Qh6+ Kg8 40. Bxd5 Rb2+ 41.
Kg1 Qf6 42. Bxe6 Qxe6 43. Qg5 1-0

[Event "16th Delhi Open 2018"]
[Site "New Delhi IND"]
[Date "2018.01.11"]
[Round "4.4"]
[White "Erigaisi, Arjun"]
[Black "Vaibhav, Suri"]
[Result "1/2-1/2"]
[WhiteTitle "FM"]
[BlackTitle "GM"]
[WhiteElo "2386"]
[BlackElo "2542"]
[WhiteFideId "35009192"]
[BlackFideId "5045185"]
[EventDate "2018.01.09"]

1. d4 Nf6 2. c4 e6 3. g3 d5 4. Nf3 Be7 5. Bg2 O-O 6. O-O c6 7. Qc2 b6 8. Bf4 Bb7
9. Rd1 Nbd7 10. cxd5 cxd5 11. Nc3 Rc8 12. Rac1 a6 13. Qd3 b5 14. Nb1 Qb6 15.
Rxc8 Rxc8 16. Rc1 Rc4 17. b3 Rxc1+ 18. Bxc1 Ne4 19. e3 b4 20. Qc2 a5 21. Nfd2
Nd6 22. Bf1 h6 23. Nf3 Qc6 24. Qxc6 Bxc6 25. Bd3 f6 26. a3 e5 27. Be2 Nb5 28.
axb4 Bxb4 29. dxe5 fxe5 30. Bb2 Bd6 31. Nc3 Nc7 32. Na4 Kf7 33. Kf1 1/2-1/2

[Event "16th Delhi Open 2018"]
[Site "New Delhi IND"]
[Date "2018.01.11"]
[Round "4.5"]
[White "Mohammad, Nubairshah Shaikh"]
[Black "Pruijssers, Roeland"]
[Result "1/2-1/2"]
[WhiteTitle "IM"]
[BlackTitle "GM"]
[WhiteElo "2380"]
[BlackElo "2536"]
[WhiteFideId "5053196"]
[BlackFideId "1013068"]
[EventDate "2018.01.09"]

1. Nf3 f5 2. d3 Nf6 3. e4 d6 4. exf5 Bxf5 5. d4 Qd7 6. Bd3 Nc6 7. O-O e5 8. dxe5
dxe5 9. Bxf5 Qxf5 10. Nc3 Bc5 11. Bg5 e4 12. Bxf6 exf3 13. Re1+ Kf7 14. Bh4 Nd4
15. Ne4 Rhe8 16. Ng5+ Kg8 1/2-1/2

[Event "16th Delhi Open 2018"]
[Site "New Delhi IND"]
[Date "2018.01.11"]
[Round "4.6"]
[White "Naiditsch, Arkadij"]
[Black "Sammed Jaykumar, Shete"]
[Result "1-0"]
[WhiteTitle "GM"]
[WhiteElo "2701"]
[BlackElo "2337"]
[WhiteFideId "4650891"]
[BlackFideId "5073421"]
[EventDate "2018.01.09"]

1. d4 Nf6 2. Bf4 g6 3. Nc3 d5 4. e3 Bg7 5. h4 h5 6. Nf3 Bf5 7. Ne5 c6 8. f3 Nbd7
9. Qd2 a5 10. O-O-O a4 11. a3 Qa5 12. Kb1 Nxe5 13. Bxe5 b5 14. Be2 O-O 15. Na2
Qxd2 16. Rxd2 Nd7 17. Bxg7 Kxg7 18. Nb4 Rac8 19. Re1 e5 20. Bd3 Bxd3 21. cxd3
Rfe8 22. Rc1 exd4 23. exd4 Nb8 24. b3 axb3 25. Kb2 Re6 26. Nxd5 Rd8 27. Nf4 Rf6
28. Ne2 Re6 29. d5 cxd5 30. Nd4 Rb6 31. Kxb3 Nd7 32. Rc7 Nf6 33. Re2 Rd7 34. Re7
Rxe7 35. Rxe7 Rb8 36. Kb4 Rc8 37. Kxb5 Rc3 38. a4 Rxd3 39. Ne6+ Kg8 40. Nc5 Ra3
41. Re2 d4 42. Rd2 Nd5 43. Rxd4 Ne3 44. Rd3 Rxd3 45. Nxd3 Kg7 46. a5 g5 47. a6 1-0

[Event "16th Delhi Open 2018"]
[Site "New Delhi IND"]
[Date "2018.01.11"]
[Round "4.7"]
[White "Sidhant, Mohapatra"]
[Black "Amonatov, Farrukh"]
[Result "0-1"]
[WhiteTitle "IM"]
[BlackTitle "GM"]
[WhiteElo "2382"]
[BlackElo "2636"]
[WhiteFideId "5028698"]
[BlackFideId "14700077"]
[EventDate "2018.01.09"]

1. e4 c5 2. Nf3 d6 3. Bb5+ Nd7 4. O-O Nf6 5. Re1 a6 6. Bd3 b5 7. c4 b4 8. a3 e5
9. Bc2 Be7 10. axb4 cxb4 11. d4 O-O 12. Nbd2 Qc7 13. b3 Bb7 14. Bb2 Rfe8 15. Nf1
Bf8 16. Ng3 g6 17. Qd2 a5 18. h3 Rad8 19. Rad1 Bg7 20. Bb1 Qb8 21. dxe5 dxe5 22.
Qe3 Rc8 23. Rd2 Nc5 24. Bc2 Nfd7 25. Red1 Bc6 26. Nh4 Qc7 27. Nhf5 gxf5 28. Nxf5
Ne6 29. Qg3 Kh8 30. f4 Rg8 31. Nd6 Rcf8 32. fxe5 Bh6 33. Qf3 Bxd2 34. Rxd2 Rg7
35. Nf5 Nxe5 36. Qh5 f6 37. Nxg7 Qxg7 0-1

[Event "16th Delhi Open 2018"]
[Site "New Delhi IND"]
[Date "2018.01.11"]
[Round "4.8"]
[White "Abhishek, Kelkar"]
[Black "Sengupta, Deep"]
[Result "0-1"]
[WhiteTitle "IM"]
[BlackTitle "GM"]
[WhiteElo "2378"]
[BlackElo "2586"]
[WhiteFideId "5019257"]
[BlackFideId "5008352"]
[EventDate "2018.01.09"]

1. Nf3 Nf6 2. g3 d5 3. Bg2 c5 4. O-O e6 5. c4 d4 6. d3 Nc6 7. e3 Be7 8. exd4
cxd4 9. a3 a5 10. Bg5 Nd7 11. Bxe7 Qxe7 12. Nbd2 O-O 13. Re1 Rd8 14. Rc1 a4 15.
Qc2 Nc5 16. Ne5 Na5 17. f4 Ra6 18. Re2 Rb6 19. Rce1 Nab3 20. Ndf3 Qc7 21. Ng4 f6
22. Nf2 Rbd6 23. Nd2 Rb6 24. Nde4 f5 25. Ng5 Rf8 26. Nf3 Bd7 27. Ne5 Be8 28. Bf3
Rd6 29. h4 b5 30. Qd1 Qb8 31. Rc2 bxc4 32. Nxc4 Ra6 33. Nd2 Bd7 34. Nxb3 Nxb3
35. Ree2 Qd6 36. Nh3 h6 37. Kf2 Ra5 38. Bg2 Rc8 39. Rxc8+ Bxc8 40. Ng1 Rc5 41.
Rc2 Rxc2+ 42. Qxc2 Qc5 43. Qxc5 Nxc5 44. Bf1 Bb7 45. Nf3 Bxf3 46. Kxf3 Kf7 47.
g4 fxg4+ 48. Kxg4 Kf6 49. Be2 g6 50. Bf1 e5 51. fxe5+ Kxe5 52. Be2 Ne6 53. Bd1
h5+ 54. Kg3 Nc5 55. Be2 Kf5 56. Bd1 g5 57. Bxh5 gxh4+ 58. Kxh4 Kf4 59. Bf7 Ke3
60. Bc4 Kd2 61. Bb5 Kc2 62. Kg5 Kxb2 63. Kf5 Kc3 64. Kf6 Nxd3 0-1

[Event "16th Delhi Open 2018"]
[Site "New Delhi IND"]
[Date "2018.01.11"]
[Round "4.9"]
[White "Tiviakov, Sergei"]
[Black "Rathnakaran, K."]
[Result "1-0"]
[WhiteTitle "GM"]
[BlackTitle "IM"]
[WhiteElo "2584"]
[BlackElo "2372"]
[WhiteFideId "1008013"]
[BlackFideId "5005507"]
[EventDate "2018.01.09"]

1. e4 e6 2. d4 d5 3. Nd2 Nf6 4. e5 Nfd7 5. c3 c5 6. Bd3 Nc6 7. Ne2 cxd4 8. cxd4
f6 9. exf6 Nxf6 10. O-O Bd6 11. Nf3 Qc7 12. Bd2 O-O 13. Rc1 Bd7 14. Nc3 a6 15.
Re1 Rae8 16. Ne5 Qb8 17. Bf4 Re7 18. Bg3 Be8 19. Bb1 Bc7 20. Qd3 Nb4 21. Qe3 Nc6
22. Rcd1 Bh5 23. f3 Bxe5 24. dxe5 Nd7 25. Ne2 Be8 26. Nf4 g5 27. Nxd5 exd5 28.
e6 Rf4 29. Rxd5 h6 30. Bxf4 gxf4 31. Qd2 Nf8 32. Rd6 Na7 33. Bf5 Qc7 34. Kh1 Nc6
35. Qxf4 Bg6 36. Bh3 Qa5 37. Bf5 Qc7 1-0

[Event "16th Delhi Open 2018"]
[Site "New Delhi IND"]
[Date "2018.01.11"]
[Round "4.10"]
[White "Hafiz, Arif Abdul"]
[Black "Karthikeyan, Murali"]
[Result "0-1"]
[WhiteTitle "FM"]
[BlackTitle "GM"]
[WhiteElo "2324"]
[BlackElo "2580"]
[WhiteFideId "7104227"]
[BlackFideId "5074452"]
[EventDate "2018.01.09"]

1. e4 c5 2. Nc3 Nc6 3. f4 e6 4. Nf3 d5 5. Bb5 Nf6 6. Bxc6+ bxc6 7. d3 Be7 8. O-O
O-O 9. Qe1 Ba6 10. e5 Nd7 11. Qg3 f5 12. Kh1 Nb6 13. b3 c4 14. dxc4 dxc4 15. Rd1
Qc8 16. Bb2 c5 17. Rd6 Bb7 18. Rad1 cxb3 19. axb3 Bxf3 20. Qxf3 Bxd6 21. exd6
Qd7 22. Qe3 Rac8 23. Qe5 Rc6 24. Nb5 Nc8 25. Rd3 a6 26. Nc7 Rxd6 27. Nxa6 Rxd3
28. cxd3 Rf7 29. Nxc5 Qd5 30. Qe3 Nb6 31. h3 Nd7 32. b4 Nxc5 33. bxc5 Rc7 34.
Ba3 Rb7 35. c6 Qxc6 36. Qd4 Qd5 37. Qc3 h6 38. Bb2 Kh7 39. Ba1 Rd7 40. Qc8 Qxd3
41. Be5 Qd5 42. Kh2 Qb7 43. Qc2 Rd5 44. Qc3 Qd7 45. h4 Rd1 46. Qe3 Rd3 47. Qf2
Qf7 48. Qe2 Rb3 49. Qc2 Re3 50. Qf2 Re4 51. Qf3 Qg6 52. h5 Qg4 53. Qxg4 fxg4 54.
Kg3 Re2 55. Kxg4 Rxg2+ 56. Kf3 Rh2 57. Kg4 Rh1 58. Bd6 g6 59. hxg6+ Kxg6 60. Kg3
Kf5 61. Ba3 Rg1+ 62. Kf2 Rg4 63. Kf3 h5 0-1

[Event "16th Delhi Open 2018"]
[Site "New Delhi IND"]
[Date "2018.01.11"]
[Round "4.11"]
[White "Kaustuv, Kundu"]
[Black "Tukhaev, Adam"]
[Result "0-1"]
[BlackTitle "GM"]
[WhiteElo "2324"]
[BlackElo "2570"]
[WhiteFideId "5056900"]
[BlackFideId "14109476"]
[EventDate "2018.01.09"]

1. c4 Nf6 2. g3 g6 3. Bg2 Bg7 4. Nc3 O-O 5. e4 d6 6. Nge2 e5 7. O-O Nc6 8. d3 a6
9. h3 Rb8 10. Be3 b5 11. Qd2 Ne8 12. cxb5 axb5 13. d4 exd4 14. Nxd4 Ne5 15. Qe2
b4 16. Nd5 c5 17. Nb3 Nc7 18. Nxc7 Qxc7 19. f4 Nc6 20. e5 dxe5 21. Bxc5 Re8 22.
Rac1 e4 23. Kh2 Ra8 24. Rfd1 Rxa2 25. Rc2 Ba6 26. Qe3 Rxb2 27. Bd6 Qa7 28. Qxa7
Nxa7 29. Rxb2 Bxb2 30. Bxb4 Nc6 31. Be1 Bc4 32. Nc5 f5 33. Bf2 Nb4 34. Rb1 Bc3
35. Rc1 Na2 36. Rc2 e3 37. Be1 Bxe1 38. Rxc4 Nb4 39. Bf3 e2 40. Kg2 Bd2 0-1

[Event "16th Delhi Open 2018"]
[Site "New Delhi IND"]
[Date "2018.01.11"]
[Round "4.12"]
[White "Mitrabha, Guha"]
[Black "David, Alberto"]
[Result "0-1"]
[WhiteTitle "FM"]
[BlackTitle "GM"]
[WhiteElo "2319"]
[BlackElo "2553"]
[WhiteFideId "5057000"]
[BlackFideId "4000013"]
[EventDate "2018.01.09"]

1. d4 Nf6 2. Bf4 b6 3. e3 Bb7 4. Nf3 Nh5 5. Bg5 h6 6. Bh4 g5 7. Bg3 Nxg3 8. hxg3
e6 9. Bd3 d6 10. Nbd2 Bg7 11. g4 Nd7 12. Ne4 Bxe4 13. Bxe4 d5 14. Bd3 c5 15. c3
a6 16. a4 Qc7 17. Qe2 c4 18. Bc2 Kf8 19. e4 dxe4 20. Bxe4 Rc8 21. Bc2 Nf6 22.
Ne5 Nd5 23. g3 b5 24. axb5 axb5 25. O-O Bxe5 26. Qxe5 Qxe5 27. dxe5 Kg7 28. Be4
Rc5 29. Rfd1 Nb6 30. f4 Na4 31. Rd2 h5 32. gxh5 Rxh5 33. Kg2 gxf4 34. gxf4 Rc8
35. Rg1 Kf8 36. Rgd1 Nc5 37. Bf3 Rh8 38. Rd6 Ke7 39. Rc6 Nd3 0-1

[Event "16th Delhi Open 2018"]
[Site "New Delhi IND"]
[Date "2018.01.11"]
[Round "4.13"]
[White "Sivuk, Vitaly"]
[Black "Aronyak, Ghosh"]
[Result "1/2-1/2"]
[WhiteTitle "GM"]
[BlackTitle "CM"]
[WhiteElo "2550"]
[BlackElo "2309"]
[WhiteFideId "14116502"]
[BlackFideId "25072846"]
[EventDate "2018.01.09"]

1. e4 c5 2. Nf3 d6 3. d4 cxd4 4. Nxd4 Nf6 5. f3 e5 6. Nb3 d5 7. Bg5 Be6 8. Bxf6
gxf6 9. exd5 Qxd5 10. Qxd5 Bxd5 11. Nc3 Be6 12. O-O-O Nc6 13. Bb5 Bh6+ 14. Kb1
Ke7 15. Nd5+ Bxd5 16. Rxd5 Rhd8 17. Rhd1 Rxd5 18. Rxd5 Rc8 19. c3 Be3 20. Bd3
Ke6 21. Bc4 Ke7 22. Rd3 Bb6 23. Nd2 e4 24. Rd5 e3 25. Ne4 Nd4 26. Bd3 e2 27.
Bxe2 Nxe2 28. Rf5 Rc6 29. g3 Ng1 30. Kc2 Re6 31. Nd2 Re2 32. Kd3 Rxh2 33. Rb5
Kd7 34. a4 Kc6 35. Rf5 Bd8 36. b4 Nh3 37. Nb3 Ng5 38. Nd4+ Kd6 39. Nb5+ Ke6 40.
Nd4+ Ke7 41. Rb5 1/2-1/2